Holiday Quiz

Random Holiday or Lyrics Quiz
Score 0/23 Timer 06:00
0 Plays Today
% Correct
The Twelve Days of Christmas
87.9%
Jingle Bells
86.1%
Silent Night
81.8%
We Wish You a Merry Christmas
79.8%
Away in a Manger
78.4%
Deck the Hall
77.7%
Go, Tell It on the Mountain
73.4%
Joy to the World
73.4%
O Holy Night
71.7%
God Rest Ye Merry, Gentlemen
68.2%
Hark! The Herald Angels Sing
65.7%
The First Nowell
64.7%
% Correct
We Three Kings
63.6%
O Come All Ye Faithful
60.7%
Angels We Have Heard on High
55.8%
O Little Town of Bethlehem
55%
Here We Come A-Wassailing
50.1%
It Came Upon the Midnight Clear
48.6%
Good King Wenceslas
47.2%
Bring a Torch, Jeanette, Isabella
43.2%
What Child Is This?
38.9%
The Holly and the Ivy
35.9%
Ding Dong! Merrily on High
35.4%
Remove Ads.
Support Sporcle.
Get the best of Sporcle when you Go Orange. This ad-free experience offers more features, more stats, and more fun while also helping to support Sporcle. Thank you for becoming a member.

You're not logged in!

Compare scores with friends on all Sporcle quizzes.
OR
Log In

Show Comments

Extras

Top Quizzes Today


Score Distribution

Your Account Isn't Verified!

In order to create a playlist on Sporcle, you need to verify the email address you used during registration. Go to your Sporcle Settings to finish the process.

Report this User

Report this user for behavior that violates our Community Guidelines.

Details: